[Event "III Duchamp Open 2019"]
[Site "Rio de Janeiro"]
[Date "2019.12.13"]
[Round "8.7"]
[White "Perdomo, Leandro"]
[Black "Gauche, Charles"]
[Result "1-0"]
[WhiteElo "2474"]
[BlackElo "2248"]
[Annotator "TA"]
[PlyCount "97"]
[EventDate "2019.12.07"]
[EventType "swiss"]
[EventCountry "BRA"]
[SourceTitle "playchess.com"]
[Source "ChessBase"]
[SourceQuality "1"]

{[%evp 9,97,49,55,44,60,41,42,18,36,20,45,29,57,62,80,82,91,30,83,71,74,87,100,95,92,83,119,91,103,80,107,108,138,87,92,100,104,98,124,116,121,58,132,131,144,129,137,114,134,128,170,160,241,159,137,136,146,145,145,159,183,177,170,164,177,167,172,160,187,175,182,174,195,189,189,127,318,318,316,316,554,710,712,702,683,682,666,680,2302,2439]} 1. d4 d5 2. Nf3 Bf5 3. c4 dxc4 (3... e6 4. Nc3 Nc6 5. cxd5 exd5 6. Bf4 Bd6 7. Bg3 Nf6 8. e3 Ne7 9. Bh4 Ne4 10. Bd3 c6 11. Qc2 Qa5 12. Bxe7 Bxe7 13. O-O Nxc3 14. Bxf5 {0-1 (40) Kramnik,V (2753)-Nepomniachtchi,I (2774) Amsterdam 2019}) 4. e3 e6 5. Bxc4 c6 6. O-O {D06: Queen's Gambit: Symmetrical and Baltic Defences} Be7 7. Qe2 Nf6 8. Nbd2 {White is slightly better.} Ne4 9. Ne5 $146 {Threatens to win with Nxf7!} ({Predecessor:} 9. Nxe4 Bxe4 10. Nd2 Bg6 11. Nb3 {1-0 (33) Rorato,G (2062)-Bonan,Y (1872) Venice 2010}) 9... O-O 10. Ndf3 Bd6 11. Bd3 $36 {[%mdl 2048] White has some pressure.} f6 12. Nc4 Bc7 13. Ncd2 (13. Nh4 $16) 13... Nd6 (13... Nxd2 $11 14. Bxd2 Re8) 14. e4 $16 Bg4 15. h3 Bxf3 16. Nxf3 Nf7 17. Rd1 Qe7 18. Be3 Nd7 19. Rac1 Nb6 20. Qc2 Rfc8 21. Re1 (21. a4 $142) 21... Nd7 22. Bc4 Nf8 23. Qb3 Bb6 24. Bd2 Re8 25. d5 (25. Bb4 $16 Qd7 26. e5) 25... Nd6 (25... Ng6 $14) 26. dxc6 Nxc4 27. Rxc4 bxc6 28. Rxc6 Rac8 29. Rec1 Rb8 {aiming for ...Bxf2+.} 30. Qc4 Kh8 (30... Qf7 $16 {was necessary.} 31. a4 e5) 31. b3 Ng6 32. Qe2 Qa3 33. R1c2 e5 34. g3 Rbd8 35. h4 Ne7 36. R6c4 Qd6 37. Kg2 Qe6 38. Be3 h6 39. Bxb6 axb6 40. a4 Rd6 41. h5 Nc6 42. Rd2 (42. Qe3 $18) 42... Na5 $2 (42... Rxd2 $16 43. Qxd2 Na5) 43. Rxd6 $18 Qxd6 44. Rc3 Nc6 $2 (44... Qb4 45. Qe3 b5) 45. Qb5 $1 {[%csl LRb6,LRc6][%mdl 64] [#] Double Attack. White is clearly winning.} Re6 46. Nh4 Kh7 47. Ng6 f5 48. Qd5 fxe4 {[#]} 49. Qxe6 $1 {[%mdl 512] Accuracy: White = 57%, Black = 43%.} 1-0

[Event "III Duchamp Open 2019"]
[Site "Rio de Janeiro"]
[Date "2019.12.12"]
[Round "8.8"]
[White "Limp, Eduardo Thelio"]
[Black "Donoso Diaz, Sebastian"]
[Result "1-0"]
[WhiteElo "2356"]
[BlackElo "2234"]
[Annotator "TA"]
[PlyCount "51"]
[EventDate "2019.12.07"]
[EventType "swiss"]
[EventCountry "BRA"]
[SourceTitle "playchess.com"]
[Source "ChessBase"]
[SourceQuality "1"]

{[%evp 9,51,32,37,27,24,30,27,16,31,17,25,18,15,0,27,29,39,0,0,0,0,0,0,0,9,0,4,-23,0,0,0,0,6,0,215,218,220,221,200,194,370,393,750,745]} 1. d4 d5 2. Nf3 Nf6 3. c4 dxc4 4. e3 b5 5. a4 b4 6. Bxc4 {D25: Queen's Gambit Accepted: 4 e3: sidelines and 4...Bg4} e6 7. O-O (7. a5 a6 8. Nbd2 Bb7 9. O-O c5 10. Nb3 Nbd7 11. dxc5 Nxc5 12. Nxc5 Bxc5 {1-0 (45) Bluebaum,M (2631)-Anand,V (2776) Karlsruhe/Baden-Baden 2018}) 7... Be7 8. Nbd2 {White has an edge.} O-O 9. b3 Bb7 10. Bb2 c5 11. dxc5 Bxc5 $146 ({Predecessor:} 11... Nbd7 12. c6 Bxc6 {½-½ (29) Smith,A (2513)-Hillarp Persson,T (2527) Uppsala 2016}) 12. Rc1 Qe7 13. Qc2 {aiming for Bxf6.} Nbd7 {[%cal Bb8d7,Bd7b6,Bb6d5,Bd5c3][%mdl 32]} 14. Qb1 Rac8 15. Qa1 Nb6 16. Be2 Rfd8 17. Rfd1 Nbd5 18. Nd4 Nc3 19. Bxc3 bxc3 20. Rxc3 Nd5 21. Rc4 Nxe3 $2 (21... Nb6 $11 {and Black is okay.}) 22. fxe3 $18 Qg5 {[%csl Gb7][%cal Rg5g2]} 23. N2f3 Qxe3+ 24. Kh1 {And now Rxc5! would win.} e5 $2 {[#]} (24... Bd6 25. Rxc8 Rxc8) 25. Rxc5 $1 Rxc5 $2 {[#]} (25... Bxf3 26. Rxc8 (26. gxf3 Rxc5 27. Nc2 Qg5 $11) (26. Nxf3 Rxd1+ 27. Qxd1 Qxc5 $14) 26... Bxg2+ 27. Kxg2 Rxc8) 26. Nc2 $1 {[%mdl 512] Accuracy: White = 39%, Black = 50%.} 1-0

[Event "III Duchamp Open 2019"]
[Site "Rio de Janeiro"]
[Date "2019.12.12"]
[Round "8.9"]
[White "Di Berardino, Diego Rafael"]
[Black "Terao, Juliana Sayumi"]
[Result "1-0"]
[WhiteElo "2489"]
[BlackElo "2225"]
[Annotator "TA"]
[PlyCount "75"]
[EventDate "2019.12.07"]
[EventType "swiss"]
[EventCountry "BRA"]
[SourceTitle "playchess.com"]
[Source "ChessBase"]
[SourceQuality "1"]

{[%evp 18,75,37,27,36,40,65,34,35,25,50,44,47,52,196,200,192,193,197,191,197,195,189,197,185,190,201,202,202,201,203,210,225,202,200,206,225,227,217,206,225,235,254,245,245,237,288,214,290,279,286,280,325,314,370,361,355,311,320,304]} 1. Nf3 d5 2. c4 e6 3. g3 Nf6 4. Bg2 Be7 5. d4 O-O 6. O-O c6 7. Qc2 b6 8. Rd1 Bb7 9. b3 Nbd7 10. Nc3 Bd6 {E08: Closed Catalan: Main Line: 7 Qc2} (10... Ba6 11. e4 dxc4 12. e5 Nd5 13. bxc4 Bxc4 14. Ne4 b5 15. Neg5 g6 16. h4 Qe8 17. h5 h6 18. Ne4 {1-0 (44) Abasov,N (2632)-Piorun,K (2660) Khanty-Mansiysk 2019}) 11. e4 $146 ({Predecessor:} 11. Bb2 Qe7 12. e4 Nxe4 13. Nxe4 dxe4 14. Qxe4 Nf6 {1-0 (64) Todorovic,V (2087)-Petkovic,S (2119) Belgrade 2013}) 11... dxe4 12. Nxe4 Nxe4 {White is slightly better.} 13. Qxe4 Nf6 14. Qc2 Qe7 15. Bb2 c5 (15... Qc7 $14) 16. dxc5 $18 {[%mdl 64] [#] Discovered Attack} Bxc5 17. Ng5 {And now Bxf6 would win.} e5 18. Bxb7 Qxb7 19. Bxe5 h6 20. Bxf6 $1 {[%csl Gg5][%cal Rc2h7]} hxg5 21. Bxg5 Qf3 22. Rd2 Rae8 23. Bf4 Re6 {[#]} 24. Qd1 $1 {[%cal Rd1f3]} Qe4 25. Bd6 Bxd6 26. Rxd6 Rfe8 27. Rxe6 Rxe6 {[%mdl 4096] Endgame KQR-KQR} 28. Qd2 Kh7 29. Rd1 g6 30. Qd3 Qe5 31. Kg2 Re7 32. Qd4 Qe6 33. h4 Qf5 34. Qd5 Re5 35. Qf3 Qe6 36. Rd5 Re2 37. a4 Re1 38. h5 {Accuracy: White = 77%, Black = 24%.} 1-0

[Event "III Duchamp Open 2019"]
[Site "Rio de Janeiro"]
[Date "2019.12.12"]
[Round "8.10"]
[White "Molina, Roberto Junio Brito"]
[Black "Alboredo, Julia"]
[Result "1/2-1/2"]
[WhiteElo "2448"]
[BlackElo "2184"]
[Annotator "TA"]
[PlyCount "84"]
[EventDate "2019.12.07"]
[EventType "swiss"]
[EventCountry "BRA"]
[SourceTitle "playchess.com"]
[Source "ChessBase"]
[SourceQuality "1"]

{[%evp 18,84,56,29,34,35,30,23,58,35,39,24,33,20,54,48,70,71,69,69,112,98,108,108,102,41,60,15,42,34,33,38,36,23,50,24,47,7,15,18,20,6,16,0,49,0,0,0,94,107,94,115,119,64,58,0,0,0,50,0,0,0,0,0,0,0,0,0,0]} 1. d4 Nf6 2. Nf3 g6 3. g3 Bg7 4. Bg2 O-O 5. O-O d5 6. c4 dxc4 7. Na3 {[%cal Bb1a3,Ba3c4,Bc4e5][%mdl 32]} c3 8. bxc3 c5 9. Bb2 Nc6 10. e3 Qb6 {D77: Fianchetto Grünfeld: 6 0-0: Replies other than 6...c6} 11. Nc4 Qa6 12. Nce5 Nd5 {White has an edge.} 13. Qb3 $146 ({Predecessor:} 13. Nxc6 bxc6 14. Qc2 Rb8 15. Rfb1 Rd8 16. a4 cxd4 17. Nxd4 c5 18. Nb5 Qa5 {0-1 (39) Chilov,A (2268)-Shipov,S (2640) Ano Liosia 2001}) 13... Nb6 14. Nxc6 bxc6 15. Nd2 Na4 16. Ba3 Be6 17. Qc2 Bf5 18. Be4 Bxe4 19. Nxe4 cxd4 20. cxd4 Rfe8 21. f4 ({White should play} 21. Rab1 $16) 21... Nb6 $14 22. Bc1 Nd5 23. Rb1 Reb8 24. Nc5 Qc8 25. Bd2 Qh3 26. Nb3 h5 27. Qxc6 e6 28. Qc2 h4 29. Rf3 Nf6 30. Rbf1 Rb5 31. Be1 (31. gxh4 {keeps more tension.} Qxh4 32. e4 Rab8 33. Be1 Qh5 34. Bc3) 31... hxg3 32. Rxg3 Qh6 (32... Qf5 $11 33. Rg2 Rab8) 33. Qg2 Rab8 34. Bd2 Rc8 {[#]} 35. Rg5 ({Better is} 35. e4 $1 $16 {Strongly threatening f5.} Qh4 36. f5 Qxe4 37. fxg6 Qxg2+ 38. Rxg2) 35... a6 36. Rxb5 (36. Rc5 $14 Rbxc5 37. dxc5 (37. Nxc5 Qh5 $11)) 36... axb5 $11 37. Nc5 $36 {[%mdl 2048] White has good play.} Bf8 38. Rc1 Qh5 {[%cal Rf8c5] The position is equal.} 39. Qg5 Qe2 40. Qg2 Qh5 {[%cal Rf8c5]} 41. Qg5 Qe2 42. Qg2 Qh5 {Accuracy: White = 47%, Black = 50%.} 1/2-1/2

[Event "III Duchamp Open 2019"]
[Site "Rio de Janeiro"]
[Date "2019.12.12"]
[Round "8.11"]
[White "Martinez, Ayelen"]
[Black "Zambrana, Oswaldo"]
[Result "0-1"]
[WhiteElo "2139"]
[BlackElo "2445"]
[Annotator "TA"]
[PlyCount "64"]
[EventDate "2019.12.07"]
[EventType "swiss"]
[EventCountry "BRA"]
[SourceTitle "playchess.com"]
[Source "ChessBase"]
[SourceQuality "1"]

{[%evp 20,64,24,13,14,9,14,3,9,20,8,0,0,0,0,0,3,-66,-67,-75,-77,-197,-200,-357,-174,-216,-220,-191,-203,-197,-202,-227,-129,-132,-131,-615,-467,-431,-443,-354,-329,-506,-315,-303,-295,-545,-608]} 1. e4 c5 2. Nf3 Nc6 3. d4 cxd4 4. Nxd4 Nf6 5. Nc3 {[%cal Bb1c3,Bc3d5,Bd5b4][%mdl 32]} e5 6. Ndb5 d6 7. Bg5 a6 8. Na3 b5 9. Nd5 Be7 10. Bxf6 Bxf6 11. c4 b4 {B33: Sicilian: Pelikan and Sveshnikov Variations} 12. Nc2 O-O 13. Ncxb4 (13. g3 Bg5 14. Bg2 a5 15. O-O Ne7 16. Nce3 Bxe3 17. Nxe3 Be6 18. b3 Ra7 19. Qd3 {½-½ (52) Nepomniachtchi,I (2776)-Yu,Y (2763) Khanty-Mansiysk 2019}) 13... Nxb4 {The position is equal.} 14. Nxb4 Qb6 15. a3 a5 16. Nd5 Qxb2 17. Be2 Be6 18. h4 $146 (18. Nxf6+ $11 gxf6 19. O-O) ({Predecessor:} 18. O-O Bxd5 19. cxd5 {½-½ (38) Geus,J (2002)-Fuller,W (2250) ICCF email 2009}) 18... Bxd5 $1 $15 19. cxd5 Rfc8 20. Rh3 (20. O-O $17 {was called for.}) 20... Rab8 $19 21. Bd3 $2 (21. Ba6 Rc2 22. Re3) 21... Bd8 (21... Rc3 $142 {White must now prevent ...a4.} 22. Kf1 {[#]} Bxh4 $1 {[%mdl 512]} 23. Rxh4 Rxd3 $1 {[%mdl 512]}) 22. Kf1 Bb6 {[%csl Gb6][%cal Rb2f2]} 23. Rf3 Bd4 24. Rb1 Qxa3 {And now ...Rxb1 would win.} 25. Bb5 Rc3 (25... Qa2 $19 {Hoping for ...Rc2.} 26. Kg1 Rc2) 26. Rxc3 $17 Qxc3 $40 {[%mdl 128] Black has strong attack.} 27. Bd7 $2 {[%mdl 8192]} (27. Ba4 $17 Rxb1 28. Qxb1) 27... Rxb1 28. Qxb1 {Intending Qb8+ and mate.} g6 29. h5 Kg7 ({Don't take} 29... gxh5 30. Qd1 $19) 30. Qd1 (30. Kg1 $142) 30... Qc4+ 31. Kg1 Qa2 32. Qf3 $2 (32. Kh2) 32... a4 {Accuracy: White = 21%, Black = 64%.} 0-1

[Event "III Duchamp Open 2019"]
[Site "Rio de Janeiro"]
[Date "2019.12.12"]
[Round "8.12"]
[White "Roselli Mailhe, Bernardo"]
[Black "Guimaraes, Marcelo Cunha"]
[Result "1-0"]
[WhiteElo "2442"]
[BlackElo "2171"]
[Annotator "TA"]
[PlyCount "65"]
[EventDate "2019.12.07"]
[EventType "swiss"]
[EventCountry "BRA"]
[SourceTitle "playchess.com"]
[Source "ChessBase"]
[SourceQuality "1"]

{[%evp 16,65,58,39,55,34,47,34,50,43,61,41,42,39,30,16,68,13,16,0,15,0,39,28,43,43,45,42,41,42,33,31,50,38,72,54,104,102,150,147,147,154,198,193,270,270,327,310,386,372,379,381]} 1. d4 Nf6 2. c4 e6 3. Nf3 c5 4. d5 exd5 5. cxd5 d6 6. Nc3 g6 7. Bf4 a6 8. a4 Bg7 9. e3 O-O {A61: Modern Benoni: Nf3 without early e4} 10. Be2 (10. h3 Qe7 11. Bd3 Nbd7 12. O-O Ne8 13. e4 Rb8 14. Re1 Nc7 15. Qd2 Ne5 16. Nxe5 Bxe5 17. Bxe5 Qxe5 18. a5 {1-0 (42) Akobian,V (2647)-Ponkratov,P (2613) Riadh 2017}) 10... Ne8 11. O-O Nd7 {White is slightly better.} 12. Re1 Qe7 13. h3 Ne5 14. Nd2 f5 15. Bh2 Nf6 (15... b6 $11) 16. f4 (16. a5 $14) 16... Nf7 $11 17. Nc4 $146 ({Predecessor:} 17. Bf3 Rb8 18. Kh1 {1-0 (47) Chu,W (2406)-Yeoh,L (2528) Changsha 2019}) 17... Bd7 18. a5 Rfe8 (18... Bb5 $5) 19. Ra3 Ne4 20. Nxe4 Qxe4 21. Bd3 $36 {[%mdl 2048] White is more active.} Qe7 22. Nb6 Rad8 23. Rb3 Qf6 24. Qf3 Re7 25. Bg3 Rde8 26. Qf2 h6 27. Bh4 g5 28. fxg5 hxg5 29. Nxd7 Rxd7 (29... Qh6 $142) 30. Bxf5 $18 Rde7 31. Bg3 Ne5 32. Rf1 Kh8 33. Qe2 {Accuracy: White = 65%, Black = 34%.} 1-0

[Event "III Duchamp Open 2019"]
[Site "Rio de Janeiro"]
[Date "2019.12.13"]
[Round "8.13"]
[White "Rodi, Luis Ernesto"]
[Black "Moura, Eduardo Eugenio Chav"]
[Result "1/2-1/2"]
[WhiteElo "2341"]
[BlackElo "2098"]
[Annotator "TA"]
[PlyCount "93"]
[EventDate "2019.12.07"]
[EventType "swiss"]
[EventCountry "BRA"]
[SourceTitle "playchess.com"]
[Source "ChessBase"]
[SourceQuality "1"]

{[%evp 9,93,14,14,14,14,14,18,16,26,1,14,19,35,14,19,-54,-6,-47,-16,-11,-11,-22,-19,-15,0,-25,-21,-31,-28,-39,-11,-50,-18,-22,0,-28,0,-21,0,10,50,-29,0,0,15,13,29,12,37,0,61,0,0,0,0,0,0,0,0,0,0,0,0,0,0,0,0,0,0,-9,0,-26,0,-55,0,-34,0,0,0,-62,0,-41,0,-24,0,-44]} 1. e4 d6 2. d4 ({Predecessor:} 2. g3 Nf6 3. Bg2 e5 4. Ne2 Be7 5. Nbc3 c6 6. a4 O-O 7. d4 {1-0 (56) Smolovic,M (2351)-Rabrenovic,V (2380) Cacak 2014}) 2... Nf6 3. Nc3 e5 4. Nge2 Be7 5. g3 c6 $146 (5... O-O 6. Bg2 c6 7. O-O b5 8. a3 Nbd7 9. h3 a5 10. g4 Ba6 11. Ng3 exd4 12. Qxd4 b4 13. Nce2 d5 14. e5 Bxe2 15. Nxe2 Bc5 16. Qf4 Nxe5 17. Qxe5 {0-1 (43) Moiseenko,A (2707)-Caruana,F (2791) Dubai 2014}) 6. a4 {B07: Pirc Defence: Miscellaneous Systems} a5 7. Bg2 O-O 8. O-O Na6 9. h3 Nb4 10. Be3 d5 11. dxe5 Nxe4 12. Qb1 (12. Nxe4 $11 dxe4 13. Bxe4) 12... f5 13. Nd1 Qc7 14. c3 Na6 15. f4 $1 c5 16. Nf2 Be6 17. Qc2 Rad8 18. Kh2 g6 19. Rfd1 Rd7 20. Qb3 Kf7 {Hoping for ...d4.} (20... Qc6 $5 {[%cal Rd5d4]} 21. Qb5 Nc7 $11) 21. Qb5 Rdd8 22. Ng1 Bd7 23. Qe2 Be6 24. Nf3 h6 25. Ne1 ({White should try} 25. Nd2 $14) 25... Kg7 26. Nc2 Kh7 27. Na3 Qc8 28. Qb5 Qc7 29. Qb3 Qc8 (29... Kg7 $11) 30. Qc2 (30. Qb6 $1 $14) 30... Nc7 $11 31. Nb5 Nxb5 32. axb5 b6 33. Nxe4 dxe4 34. Bf1 Rxd1 35. Rxd1 Rd8 36. Re1 Qc7 37. Qf2 Bb3 38. Be2 Qd7 39. Rg1 Qe6 40. Qf1 Qf7 41. Kg2 (41. g4 $11) 41... Qe6 (41... Bc2 $1 $15) 42. Kh2 Qf7 43. Rg2 Qe6 ({Better is} 43... a4 $11) 44. Rg1 $15 Qf7 (44... Bc2 $1 $15) 45. Kg2 Qe6 46. Kf2 Qf7 47. Kg2 {Accuracy: White = 54%, Black = 36%.} 1/2-1/2

[Event "III Duchamp Open 2019"]
[Site "Rio de Janeiro"]
[Date "2019.12.12"]
[Round "8.14"]
[White "Guimaraes, Diogo Duarte"]
[Black "De Carvalho, Jose Jorge"]
[Result "1-0"]
[WhiteElo "2322"]
[BlackElo "2149"]
[Annotator "TA"]
[PlyCount "113"]
[EventDate "2019.12.07"]
[EventType "swiss"]
[EventCountry "BRA"]
[SourceTitle "playchess.com"]
[Source "ChessBase"]
[SourceQuality "1"]

{[%evp 9,113,-20,-20,-25,-28,-18,-8,-51,-49,-47,-50,-58,-56,-58,-50,-94,-61,-68,-41,-122,-54,-143,-52,-54,-69,-83,-56,-113,-39,-57,-17,-23,-4,-11,0,0,2,3,0,0,0,-8,17,-39,-4,-5,-5,-5,-5,-6,-5,-11,-15,-53,-18,-135,-123,-127,-125,-119,-41,-45,-3,-14,-21,-25,-7,-12,0,0,0,0,1,0,1,2,2,2,21,21,22,18,20,8,8,10,43,45,52,48,151,151,184,184,262,283,349,344,374,348,401,396,697,763,29972,29970]} 1. e4 c5 2. Nf3 Nc6 3. Bb5 g6 4. Bxc6 dxc6 5. d4 (5. d3 Qc7 6. h3 e5 7. Be3 f6 8. Qd2 Be6 9. a3 a5 10. Nc3 b6 11. Ng1 Bd6 12. Nge2 Ne7 13. f4 {1-0 (83) Giri,A (2779)-Dubov,D (2700) Paris 2019}) 5... cxd4 6. Qxd4 {B31: Sicilian: 2...Nc6 3 Bb5 g6} Qxd4 7. Nxd4 Bg7 8. c3 {The position is equal.} Nf6 9. f3 e5 10. Nb3 b6 11. Be3 $146 ({Predecessor:} 11. Bg5 Ba6 12. Bxf6 Bxf6 {0-1 (29) Dachrodt,H (1717)-Schubert,J (1866) Hamburg 2018}) 11... Be6 12. N3d2 Nh5 13. g3 f5 14. c4 {[#]} (14. exf5 $15 gxf5 15. Bg5) 14... O-O (14... Nf4 $1 $17 {[%mdl 512]} 15. gxf4 (15. Bxf4 exf4) 15... exf4 16. Bxf4 Bxb2) 15. Nc3 (15. exf5 $15 gxf5 16. Nc3) 15... Rad8 (15... f4 $17 16. gxf4 Nxf4) 16. exf5 $15 gxf5 17. Bg5 Rd4 {Threatens to win with ...h6.} 18. c5 (18. O-O-O $15) 18... bxc5 ({Black should play} 18... b5 $17 19. Nb3 Rd3) 19. Be7 Rf7 20. Bxc5 Rd3 {aiming for ...Rfd7.} 21. O-O-O $1 e4 22. Kc2 Bxc3 23. bxc3 Rd5 24. Bd4 Ra5 25. Ra1 exf3 (25... c5 $5 {[%cal Rc5d4]} 26. Bf2 exf3 $11) 26. Nxf3 (26. Rhe1 $11 Bd5 27. c4 Be4+ 28. Nxe4 fxe4 29. Rxe4) 26... Bd5 27. Rhf1 Be4+ 28. Kc1 c5 $36 {[%mdl 2048] White is under pressure.} 29. Bg1 Rb7 {Strongly threatening ...Rxa2!} 30. Nd2 Bd3 31. Rf3 c4 $1 32. a4 (32. Bd4 $11) 32... Re5 $17 {[%cal Re5e1]} 33. Re3 {[#]} Rxe3 $1 34. Bxe3 {[#]} a6 ({Black should try} 34... Re7 $1 $17 {[%cal Re7e3]} 35. Bd4 Re1+ 36. Kb2 Re2) 35. Bg5 Ng7 36. Nf3 Ne6 {Hoping for ...Be4.} 37. Be3 Rb3 38. Nd4 Nxd4 39. Bxd4 $11 {[%mdl 4096] Endgame KRB-KRB} Kf7 40. Ra2 Rb1+ 41. Kd2 Kg6 42. Ke3 Kg5 43. Be5 Kg6 44. Kd4 Kf7 45. Kc5 Ke6 46. Bc7 Rb3 47. Ba5 Rb7 48. Rf2 Rb1 49. Bb4 a5 (49... Ke5 $14) 50. Bxa5 $16 Ra1 51. Kb5 Kd5 (51... Kd7 $142 52. Bb4 Rf1 53. Rxf1 Bxf1) 52. Bb4 $18 Ke6 53. a5 {[%cal Ba4a5,Ba5a6][%mdl 32]} Kd7 54. Rf4 h5 55. Rd4+ Kc7 $2 (55... Kc8 56. a6 Re1) 56. a6 Ra2 57. Ba5+ {Accuracy: White = 50%, Black = 38%.} 1-0

[Event "III Duchamp Open 2019"]
[Site "Rio de Janeiro"]
[Date "2019.12.13"]
[Round "8.15"]
[White "Abrantes, Tiago Garrido"]
[Black "Labussiere, Victor"]
[Result "0-1"]
[WhiteElo "2159"]
[BlackElo "2295"]
[Annotator "TA"]
[PlyCount "164"]
[EventDate "2019.12.07"]
[EventType "swiss"]
[EventCountry "BRA"]
[SourceTitle "playchess.com"]
[Source "ChessBase"]
[SourceQuality "1"]

{[%evp 31,164,40,64,65,66,66,88,69,78,72,75,20,75,10,18,-30,-25,-8,-31,-31,-13,-58,-44,-59,-23,-44,-18,-38,-12,-19,-12,-25,0,-15,0,0,0,0,517,0,17,-3,0,0,0,-29,-39,-108,-101,-121,-140,-145,-129,-305,-308,-872,-125,-141,-129,-171,-125,-170,-138,-131,-145,-151,-114,-120,-118,-162,-81,-141,-121,-121,-121,-128,0,-96,-95,-122,-103,-127,0,-124,-107,-116,-117,-135,-101,-176,-124,-124,-60,-61,-66,-85,-77,-73,-58,-65,-58,-65,-65,-65,-8,-1212,-8,-8,-8,-12825,-6410,-29973,-29976,-29976,-8,-8,0,-29976,-29977,-29979,-29978,-29978,-29979,-29981,-29982,-29982,-29983,-29983,-29984,-29984,-29982,-29983,-29984,-29984,-29985]} 1. d4 Nf6 2. Nf3 e6 3. c4 c5 4. Nc3 cxd4 5. Nxd4 a6 6. e4 d6 7. Be2 Be7 8. O-O O-O 9. Be3 Nbd7 10. Qd2 Qc7 11. Rac1 b6 12. Rfd1 Bb7 13. f3 Rac8 14. Bf1 Qb8 15. Qf2 Rfe8 16. b3 Bd8 17. g4 {A31: Symmetrical English: 2 Nf3 Nf6 3 d4} (17. Kh1 Bc7 18. Qh4 Ne5 19. Bg1 Ng6 20. Qf2 h5 21. Nc2 d5 22. exd5 exd5 23. Nxd5 Nxd5 24. cxd5 Bf4 {1-0 (68) Dervishi,E (2552)-Shchekachev,A (2534) Paris 2017}) 17... Bc7 18. g5 Nh5 19. Nde2 {White is better.} g6 20. Ng3 $146 ({Predecessor:} 20. Bg2 Re7 21. f4 Rce8 22. Bf3 Ng7 23. Ng3 Rf8 24. Qg2 f6 {1-0 (103) Roeberg,F (2270)-Thoma,C (2242) Germany 2000}) 20... Ng7 21. Rc2 (21. f4 $16) 21... Ba8 (21... Rf8 $1 $11 {remains equal.}) 22. Bd4 (22. f4 $16) 22... Rf8 $11 23. Rcc1 f6 $1 24. gxf6 Nxf6 25. Qb2 Nfh5 26. Bg2 Rf7 27. Nce2 Rcf8 28. Rd3 Bb7 29. a4 Re8 30. Rcd1 Bc6 31. Qc1 Qb7 32. Bf2 Bb8 33. Be3 Bc7 34. Nd4 Qb8 $2 {[%mdl 8192]} (34... Bd7 $11 {and Black stays safe.}) 35. Qd2 $2 (35. Nxc6 $18 Qb7 36. Nd4) 35... Ba8 36. Nde2 {[%cal Rd3d6]} b5 37. axb5 axb5 38. cxb5 Qxb5 39. Nd4 (39. b4 $15) 39... Qb8 $1 $17 40. f4 e5 41. fxe5 dxe5 42. Nde2 $2 (42. Nf3 $17 {is the only way for White.}) 42... Nf4 $19 43. Rd7 $2 (43. Rf1) 43... Qxb3 $2 (43... Rxd7 $19 {is more deadly.} 44. Qxd7 Rd8 45. Qxd8+ Bxd8) 44. Rxf7 $17 Qxf7 45. Rf1 {[%cal Re2f4]} Nge6 46. Qc2 h5 47. Nc3 Rf8 48. Nd5 Bd8 49. Ne2 g5 50. Qb2 Qg7 (50... Qg6 $1 $19 51. Nec3 Bc6) 51. Ng3 (51. Qa2 $142 Bxd5 52. exd5 Nxg2 53. dxe6 Rxf1+ 54. Kxg2) 51... Nxg2 52. Rxf8+ Qxf8 53. Qxg2 Qf7 (53... Qa3 $1 $17 54. Qe2 Nf4 55. Bxf4 exf4) 54. Nf5 {[#]} (54. Qb2 $11) 54... Kh7 $1 55. Qa2 Bc6 56. Qc4 {[#]} Qb7 ({Better is} 56... Qd7 $1 $17 {Hoping for ...Nf4.} 57. Nfe7 Bxd5 58. Nxd5 Nf4) 57. Nb4 (57. Nf6+ $11 {keeps the balance.} Bxf6 58. Qxe6) 57... Bd7 58. Qd5 Qxd5 59. Nxd5 Kg6 60. Kf2 (60. Nde7+ $17 Kh7 61. Nd5) 60... Ba4 (60... Nf4 $19 {aiming for ...Nxd5.} 61. Nd6 Nxd5 62. exd5 g4) 61. Bb6 Bf6 ({Black should play} 61... g4 $17 {White must now prevent ...Bg5.} 62. Bxd8 Nxd8) 62. Nxf6 $15 Kxf6 {[%mdl 4096] Endgame KBN-KBN} 63. Ne3 Bc6 64. Nd5+ Bxd5 65. exd5 $17 {KB-KN} Nf4 66. Bd8+ Kf5 67. d6 g4 (67... Ke6 $15 68. Kg3 Ne2+ 69. Kf3 Nd4+ 70. Ke4 Nf5 71. Bxg5 Nxd6+ 72. Kd3 Kf5) 68. d7 $2 {[%mdl 8192]} (68. Bc7 $11 Ke6 69. Kg3) 68... Nd3+ $2 ({Black should try} 68... Ke6 $19 69. Bg5 Kxd7) 69. Kg3 $1 $11 Nc5 70. h3 $2 {[%mdl 8192]} (70. Kh4 $11) 70... Nxd7 $19 71. hxg4+ hxg4 72. Bc7 Kg5 $2 (72... Nf6 {mates} 73. Bb8 e4 74. Ba7 Nd5 75. Bd4 e3 76. Ba7 e2 77. Kf2 Nf4 78. Bb6 g3+ 79. Ke1 Ke4 80. Kd2 Kf3 81. Ba5 Nd5 82. Kd3 g2 83. Kc4 g1=Q 84. Bd2 Ne3+ 85. Kc5 Nf1+ {[%mdl 64] Discovered Attack} 86. Be3 Qxe3+ 87. Kd5 e1=Q 88. Kc6 Qe6+ 89. Kc7 Qb4 90. Kd8 Qbe7#) 73. Bd8+ $1 $11 Kf5 $2 {[%mdl 8192]} (73... Kh5 $11 74. Kf2 Kg6) 74. Bc7 $1 Nf6 {Black mates.} 75. Bd8 Nh5+ 76. Kh4 Nf4 77. Bc7 e4 78. Kg3 Nd5 79. Ba5 e3 80. Be1 Nf6 81. Ba5 Ne4+ 82. Kg2 e2 {Accuracy: White = 32%, Black = 42%.} 0-1